Loading...

Short guide to Paris /

Bibliographic Details
Main Author: Muirhead, L. Russell
Language:Undetermined
Published: 1951.
Series:Blue guides
LEADER 00455nam a2200145Ia 4500
001 87423
008 170722s9999 xx 000 0 und d
100 |a Muirhead, L. Russell 
245 |a Short guide to Paris / 
260 |c 1951. 
490 |a Blue guides 
500 |a Published later as Paris 
942 |c GEN 
999 |c 41586  |d 41586 
952 |0 0  |1 0  |4 0  |6 U_8_530000000000000_3PG_J1_CR  |7 0  |9 56632  |a LIB  |b LIB  |d 2017-08-12  |o U8.53.3Pg J1 (CR)  |p 41582  |r 2017-08-12  |w 2017-08-12  |y GEN